| 000 | 00000nam 2200000za 4500 |
| 001 | 9.846829 |
| 003 | CaOODSP |
| 005 | 20221107153310 |
| 007 | cr ||||||||||| |
| 008 | 171108s1938 oncd os f000 0 fre d |
| 040 | |aCaOODSP|bfre |
| 041 | |aeng|afre |
| 043 | |an-cn--- |
| 086 | 1 |aCS81-D/80-1938-PDF |
| 245 | 04|aThe size factor in one-room schools |h[ressource électronique] / |cDominion Bureau of Statistics, Education Statistics Branch. |
| 246 | 1 |iTitre de la couverture additionnelle : |aFacteur importance dans les écoles à classe unique |
| 260 | |aOttawa : |bDominion Bureau of Statistics, |c1938. |
| 300 | |a23 p. : |bgraph. |
| 490 | 1 |aEducation bulletin ; |vno. 3, 1938 |
| 500 | |aTitre de la couv. |
| 500 | |aNombreux tableaux. |
| 500 | |aÉdition numérisée de l'imprimé [par Statistique Canada]. |
| 530 | |aÉgalement publ. en version imprimée. |
| 546 | |aTexte en anglais et en français. |
| 692 | 07|2gccst|aÉcole |
| 692 | 07|2gccst|aCommunauté rurale |
| 692 | 07|2gccst|aStatistiques |
| 710 | 1 |aCanada.|bBureau fédéral de la statistique.|bBranche de l'éducation. |
| 791 | |tThe size factor in one-room schools |eeng|w(CaOODSP)9.846828 |
| 830 | #0|aBulletin de l'éducation (Ottawa, Ont.)|vno. 3, 1938|w(CaOODSP)9.841638 |
| 856 | 40|qPDF|s446 Ko|uhttps://publications.gc.ca/collections/collection_2017/statcan/CS81-D-80-1938.pdf |
| 986 | |a81-D-80 |